The Science of biology (Record no. 80356)
[ view plain ]
| 000 -LEADER | |
|---|---|
| fixed length control field | 00811nam a2200169 a 4500 |
| 008 - FIXED-LENGTH DATA ELEMENTS--GENERAL INFORMATION | |
| fixed length control field | 120416s1971 ||||||||||||||||| || u |
| 050 ## - LIBRARY OF CONGRESS CALL NUMBER | |
| Classification number | QH 321 Wei |
| 100 ## - MAIN ENTRY--PERSONAL NAME | |
| Personal name | Weisz, Paul B |
| 245 14 - TITLE STATEMENT | |
| Title | The Science of biology |
| 260 ## - PUBLICATION, DISTRIBUTION, ETC. | |
| Place of publication, distribution, etc. | New York |
| Name of publisher, distributor, etc. | McGraw-Hill |
| Date of publication, distribution, etc. | 1971 |
| 300 ## - PHYSICAL DESCRIPTION | |
| Extent | xiv, 656p. : ill |
| 350 ## - | |
| -- | 0.00 |
| 650 #0 - SUBJECT ADDED ENTRY--TOPICAL TERM | |
| Topical term or geographic name entry element | BIOLOGY |
| 995 ## - | |
| -- | TEXTBOOKS (CHEM.ENG.) |
| -- | 0.00 |
| -- | 3672 |
| -- | CBU-SCHOOL TEXTBOOK COLLECTIONS |
| -- | 1 |
| -- | 0.00 |
| -- | SCHOOL TEXTBOOK |
| -- | 2 |
| -- | AVAILABLE |
| -- | Sep 2, 2009 |
| -- | 3672 |
| -- | School Collections |
| 995 ## - | |
| -- | MAIN LIBRARY OPEN ACCESS |
| -- | 0.00 |
| -- | 714011 |
| -- | CBU-MAIN LIBRARY (Kitwe) |
| -- | 1 |
| -- | 5.25 |
| -- | QH 321 Wei |
| -- | 1 |
| -- | DAMAGED |
| -- | 014791 |
| -- | Main Library Open Access Collection |
| 995 ## - | |
| -- | TEXTBOOKS (CHEM.ENG.) |
| -- | 0.00 |
| -- | 3673 |
| -- | CBU-SCHOOL TEXTBOOK COLLECTIONS |
| -- | 1 |
| -- | 0.00 |
| -- | SCHOOL TEXTBOOK |
| -- | 3 |
| -- | AVAILABLE |
| -- | Sep 2, 2009 |
| -- | 3673 |
| -- | School Collections |
| 999 ## - | |
| -- | 80356 |
| -- | 80356 |
| Withdrawn status | Lost status | Source of classification or shelving scheme | Damaged status | Not for loan | Permanent Location | Current Location | Shelving location | Date acquired | Total Checkouts | Full call number | Barcode | Date last seen | Copy number | Price effective from | Koha item type |
|---|---|---|---|---|---|---|---|---|---|---|---|---|---|---|---|
| CBU-MAIN LIBRARY, KITWE. | CBU-MAIN LIBRARY, KITWE. | 06/29/2023 | QH 321 Wei | 014791 | 06/29/2023 | 2 | 06/29/2023 | MONOGRAPH | |||||||
| CBU-SCHOOL TEXT BOOK COLLECTION | CBU-SCHOOL TEXT BOOK COLLECTION | 06/29/2023 | SCHOOL TEXTBOOK | 3672 | 06/29/2023 | 1 | 06/29/2023 | MONOGRAPH | |||||||
| CBU-SCHOOL TEXT BOOK COLLECTION | CBU-SCHOOL TEXT BOOK COLLECTION | 06/29/2023 | SCHOOL TEXTBOOK | 3673 | 06/29/2023 | 3 | 06/29/2023 | MONOGRAPH |